| 000 | 00587cam a22002051 4500 | ||
|---|---|---|---|
| 001 | sa 68015938 | ||
| 003 | DLC | ||
| 005 | 20260227112650.0 | ||
| 008 | 700604s1967 ii 000 0 eng | ||
| 010 | _asa 68015938 | ||
| 025 | _aPL480:I-E-10056 | ||
| 040 |
_aDLC _cDLC _dDLC |
||
| 050 | 0 | 0 |
_aPZ4.N724 _bNan _aPR9499.3 |
| 100 | 1 | _aNirody, B. S. | |
| 245 | 1 | 0 |
_aNandini; _ba novel, _cby B. S. Nirody. |
| 260 |
_a[Delhi] _bPublications Division, Ministry of Information & Broadcasting, Govt. of India _c[1967] |
||
| 300 |
_a167 p. _c22 cm. |
||
| 350 | _a4.00 | ||
| 651 | 0 |
_aIndia _xFiction. |
|
| 999 |
_c86813 _d86813 |
||